| 000 | 01041nam a2200313 i 4500 | ||
|---|---|---|---|
| 003 | EG-GICUC | ||
| 005 | 20260126131327.0 | ||
| 008 | 260126s1934 uk ||||fr|||| 001 0 eng d | ||
| 040 |
_aEG-GiCUC _beng _cEG-GiCUC _dEG-GiCUC _erda |
||
| 041 | _aeng | ||
| 082 | 0 | 4 |
_221 _a341.3094 _bHA . A |
| 092 | 0 | 4 | _221 |
| 099 | _aLaw1 11 341.3094 HA . A 1934 | ||
| 100 | 1 |
_a Hall, Henry L. _eAuthor. |
|
| 245 | 1 | 0 |
_aAustralia And England : _bA Study In Imperial Relations / _cBy Henry L. Hall. |
| 264 | 1 |
_a London : _bLongmans, Green And Co, _c1934. |
|
| 300 |
_a319 pages ; _c24 cm |
||
| 336 |
_2rda content _atext |
||
| 337 |
_2rda media _aComputer |
||
| 338 |
_2rda carrier _aOnline Resource |
||
| 504 | _aBibliography: pages 263-303. | ||
| 546 | _aText in English | ||
| 650 | 1 | 4 |
_aInternational relations _zGreat Britain _2qrmak |
| 651 | 1 |
_2qrmak _aAustralia _xInternational relations |
|
| 651 | 1 |
_aEngland _xInternational relations |
|
| 856 | 4 | 0 | _uhttps://fll.law.cu.edu.eg/fulltext/bks/B11-06747.pdf |
| 905 | _a79 | ||
| 942 |
_2ddc _cBK _e21 _n0 |
||
| 999 |
_c59455 _d59455 |
||